[Event "2nd Yerevan Open"]
[Site "?"]
[Date "2017.09.24"]
[Round "6.49"]
[White "Davtyan, David Arm"]
[Black "Mkrtchyan, Mariam"]
[Result "0-1"]
[WhiteElo "2096"]
[BlackElo "1794"]
[PlyCount "122"]
[EventDate "2017.??.??"]

1. e4 c6 2. d4 d5 3. Nc3 dxe4 4. Nxe4 Nf6 5. Nxf6+ exf6 6. c3 Bd6 7. Bd3 O-O 8.
Ne2 Qc7 9. Qc2 g6 10. Bh6 Re8 11. h4 Be6 12. Be3 Nd7 13. h5 f5 14. hxg6 fxg6
15. g4 f4 16. Bxg6 Nf8 17. Bxe8 Rxe8 18. O-O-O fxe3 19. fxe3 Bd5 20. Rhf1 Rxe3
21. Rf2 Qe7 22. Rdf1 Ng6 23. c4 Be4 24. Qd2 Bd3 25. Rf7 Qe8 26. Rxb7 Bxe2 27.
Rff7 Qxf7 28. Rxf7 Kxf7 29. Qa5 Bf4 30. Kc2 Re7 31. Qf5+ Kg7 32. b3 Bf3 33. Qc8
Re2+ 34. Kd3 Re3+ 35. Kc2 Re2+ 36. Kd3 Re1 37. Qd7+ Kh6 38. Kc3 Re7 39. Qf5 Be4
40. Qc5 Bf3 41. Qf5 Be4 42. Qc5 Rd7 43. Qh5+ Kg7 44. Qh3 Bg5 45. Kb4 Be7+ 46.
Ka4 Rxd4 47. Qe3 c5 48. Kb5 Ne5 49. Qg3 Nc6 50. g5 Kf7 51. Qc7 Ke8 52. Qc8+ Rd8
53. Qg4 Nd4+ 54. Ka4 Bf5 55. Qh5+ Bg6 56. Qg4 Nc2 57. Qe6 Kf8 58. Qe5 Rd6 59.
b4 Nxb4 60. Qf4+ Ke8 61. Qe5 Bc2+ 0-1

[Event "2nd Yerevan Open"]
[Site "?"]
[Date "2017.09.24"]
[Round "6.50"]
[White "Harutyunyan, Erik"]
[Black "Manukyan, Sevak N"]
[Result "1-0"]
[WhiteElo "2031"]
[BlackElo "1799"]
[PlyCount "78"]
[EventDate "2017.??.??"]

1. e4 e6 2. d4 d5 3. Nd2 Be7 4. Ngf3 Nf6 5. e5 Nfd7 6. Bd3 c5 7. O-O Nc6 8. Re1
g5 9. h3 h5 10. c4 Nb6 11. dxc5 Nb4 12. Bb1 Nxc4 13. Nxc4 dxc4 14. Qa4+ Nc6 15.
Qxc4 Rg8 16. Be4 Bd7 17. g4 hxg4 18. hxg4 Qc7 19. Bd2 O-O-O 20. b4 a6 21. a4
Na7 22. b5 axb5 23. axb5 Bxb5 24. Qb3 Ba6 25. Ba5 Qd7 26. Bxd8 Rxd8 27. c6 Nxc6
28. Rxa6 bxa6 29. Rc1 Kc7 30. Rxc6+ Qxc6 31. Bxc6 Kxc6 32. Qc4+ Kb7 33. Qe4+
Rd5 34. Qh7 a5 35. Qxf7 Rd7 36. Qxe6 Rc7 37. Qd5+ Kb6 38. Nd4 Bc5 39. Ne6 Rc8
1-0

[Event "2nd Yerevan Open"]
[Site "?"]
[Date "2017.09.24"]
[Round "6.51"]
[White "Gevorgyan, Anahit"]
[Black "Manukyan, Aleks"]
[Result "0-1"]
[WhiteElo "1723"]
[BlackElo "2003"]
[PlyCount "58"]
[EventDate "2017.??.??"]

1. e4 e6 2. f4 d5 3. e5 c5 4. Nf3 Nc6 5. g3 Be7 6. d3 b5 7. Be3 d4 8. Bf2 Bb7
9. Bg2 Nh6 10. h3 Nf5 11. O-O h5 12. Nbd2 Nb4 13. g4 Ne3 14. Bxe3 dxe3 15. Nb3
hxg4 16. hxg4 Nd5 17. Ne1 Bh4 18. Rf3 Bf2+ 19. Kf1 Qh4 20. Nxc5 Nxf4 21. Rxf4
Bxg2+ 22. Nxg2 Qh1+ 23. Ke2 Qxg2 24. Qf1 Qh2 25. Rxf2 exf2 26. d4 Qg3 27. Kd2
Qf4+ 28. Kc3 Qe3+ 29. Nd3 Rc8+ 0-1

[Event "2nd Yerevan Open"]
[Site "?"]
[Date "2017.09.24"]
[Round "6.52"]
[White "Rezanezhad, Hassan"]
[Black "Hakobyan, Norayr"]
[Result "1/2-1/2"]
[WhiteElo "1959"]
[BlackElo "1727"]
[PlyCount "118"]
[EventDate "2017.??.??"]

1. Nf3 Nf6 2. c4 e6 3. g3 b6 4. Bg2 Bb7 5. O-O c5 6. b3 Be7 7. Bb2 O-O 8. e3 d5
9. d3 Nbd7 10. Nbd2 Qc7 11. Qe2 Rac8 12. Rad1 Rfd8 13. Ne1 Ne8 14. f4 Bf6 15.
Bxf6 Ndxf6 16. e4 dxe4 17. dxe4 Qd7 18. e5 Ne4 19. Qd3 Qc7 20. Qc2 Nxd2 21.
Rxd2 Rxd2 22. Qxd2 Rd8 23. Qc2 Bxg2 24. Kxg2 Qd7 25. Nf3 Nc7 26. Rf2 Qd3 27.
Qb2 Qd1 28. Rd2 Rxd2+ 29. Qxd2 Qxd2+ 30. Nxd2 Na6 31. a3 Nb8 32. Kf2 Nc6 33.
Ke2 Kf8 34. Kd3 Ke7 35. Ne4 f6 36. exf6+ gxf6 37. g4 a5 38. h4 f5 39. gxf5 exf5
40. Nc3 Nd4 41. b4 axb4 42. axb4 Nf3 43. Nd5+ Kd6 44. h5 cxb4 45. Nxb4 Nh2 46.
Kd4 Nf3+ 47. Ke3 Nh2 48. Kd4 Nf3+ 49. Kc3 h6 50. Nd3 Nh2 51. Ne5 Nf1 52. Kb4
Ng3 53. Kb5 Kc7 54. Nf7 Nxh5 55. Nxh6 Nxf4 56. Nxf5 Nd3 57. Ne7 Ne5 58. Nd5+
Kb7 59. Nxb6 Nxc4 1/2-1/2

[Event "2nd Yerevan Open"]
[Site "?"]
[Date "2017.09.24"]
[Round "6.53"]
[White "Marzoughi, Mohammadsadegh"]
[Black "Brutyan, Hamlet"]
[Result "1-0"]
[WhiteElo "1954"]
[BlackElo "1704"]
[PlyCount "75"]
[EventDate "2017.??.??"]

1. d4 Nf6 2. Bf4 g6 3. Nc3 Bg7 4. e4 d6 5. Qd2 O-O 6. O-O-O c6 7. f3 b5 8. Bh6
Qa5 9. h4 b4 10. Nb1 Qxa2 11. h5 Qe6 12. Bxg7 Kxg7 13. hxg6 fxg6 14. Qxb4 Ba6
15. Bxa6 Nxa6 16. Qb7 Nb8 17. Qxa8 Qd7 18. d5 cxd5 19. exd5 Rc8 20. Re1 Kf8 21.
Re6 Na6 22. Rxf6+ Kg7 23. Qxc8 Qxc8 24. Re6 Nb4 25. Rxe7+ Kf8 26. Re2 Nd3+ 27.
Kd2 Nxb2 28. Rxh7 Qc5 29. Nh3 Qd4+ 30. Ke1 Qd1+ 31. Kf2 Qxb1 32. Nf4 Nd1+ 33.
Kg3 Qb6 34. Nxg6+ Kg8 35. Ree7 Qf2+ 36. Kh2 Qd4 37. Rh8+ Qxh8+ 38. Nxh8 1-0

[Event "2nd Yerevan Open"]
[Site "?"]
[Date "2017.09.24"]
[Round "6.54"]
[White "Adamyan, Mane"]
[Black "Khachikyan, Haik"]
[Result "0-1"]
[WhiteElo "1636"]
[BlackElo "1896"]
[PlyCount "152"]
[EventDate "2017.??.??"]

1. d4 Nf6 2. c4 g6 3. Nc3 Bg7 4. e4 O-O 5. Nf3 d6 6. Be2 Bg4 7. O-O Nfd7 8. Be3
Nc6 9. Ne1 Bxe2 10. Nxe2 e5 11. d5 Ne7 12. Qc2 f5 13. Bg5 fxe4 14. Qxe4 Nf6 15.
Bxf6 Rxf6 16. f4 Qd7 17. Nf3 Qf5 18. Qxf5 Nxf5 19. Ng5 exf4 20. Ne6 Ne3 21.
Rxf4 Rxf4 22. N2xf4 Bxb2 23. Rb1 Nxc4 24. Nd3 Bf6 25. Rxb7 Nb6 26. Nxc7 Rf8 27.
Ne6 Re8 28. Nc7 Rf8 29. g4 Bd4+ 30. Kg2 Nc4 31. Kg3 Nd2 32. Kg2 Rf3 33. Rb3 Re3
34. Rb8+ Kf7 35. Nf4 Rf3 36. Nce6 Rf2+ 37. Kh3 Nf1 38. Ng5+ Ke7 39. Rb7+ Ke8
40. Ng2 h6 41. Ne4 Rf3+ 42. Kh4 Be5 43. g5 h5 44. Rxa7 Nxh2 45. Nf6+ Kd8 46.
Nxh5 gxh5 47. Kxh5 Rh3+ 48. Kg6 Nf3 49. Kf5 Nxg5 50. Kxg5 Rg3+ 51. Kf5 Rxg2 52.
a4 Rf2+ 53. Ke4 Rf4+ 54. Kd3 Rd4+ 55. Ke2 Rxd5 56. a5 Kc8 57. a6 Ra5 58. Kd3
Ra4 59. Rh7 Rxa6 60. Ke4 Ra5 61. Rf7 Rc5 62. Rh7 Rc7 63. Rh1 Kd7 64. Rh7+ Kc6
65. Rh1 Rb7 66. Rc1+ Kd7 67. Rc4 Ke6 68. Rc1 Rb3 69. Rc6 Rh3 70. Ra6 Rh4+ 71.
Kd3 Kf5 72. Ra8 Rh3+ 73. Ke2 Ke4 74. Ra4+ Bd4 75. Ra6 Rh2+ 76. Kd1 Kd3 0-1

[Event "2nd Yerevan Open"]
[Site "?"]
[Date "2017.09.24"]
[Round "6.55"]
[White "Yedigaryan, Asya"]
[Black "Machkalyan, Haik"]
[Result "0-1"]
[WhiteElo "1499"]
[BlackElo "1890"]
[PlyCount "76"]
[EventDate "2017.??.??"]

1. e4 e6 2. d4 d5 3. Nc3 Bb4 4. e5 c5 5. a3 Bxc3+ 6. bxc3 Ne7 7. Nf3 h6 8. Bd3
b6 9. O-O Ba6 10. Bxa6 Nxa6 11. a4 Nc6 12. Ba3 O-O 13. Re1 Na5 14. Nd2 Rc8 15.
Qe2 Nb8 16. Qg4 Qg5 17. Qxg5 hxg5 18. Rab1 Nd7 19. Nb3 Nc4 20. Bc1 Rfe8 21. g3
g4 22. h3 gxh3 23. Kh2 f6 24. f4 fxe5 25. dxe5 g5 26. Kxh3 gxf4 27. gxf4 Kf7
28. Kg2 Rh8 29. Nd2 Rcg8+ 30. Kf1 Rh1+ 31. Ke2 Rg2+ 32. Kf3 Rxe1 33. Nxc4 Rxc2
34. Nd6+ Kf8 35. a5 Rexc1 36. Rb5 Rxc3+ 37. Ke2 R1c2+ 38. Kd1 Ra2 0-1

[Event "2nd Yerevan Open"]
[Site "?"]
[Date "2017.09.24"]
[Round "6.56"]
[White "Khachatrian, Arbi"]
[Black "Mashalov., Aliniyaz"]
[Result "1-0"]
[WhiteElo "1889"]
[BlackElo "1636"]
[PlyCount "55"]
[EventDate "2017.??.??"]

1. d4 Nf6 2. c4 e6 3. Nc3 Bb4 4. Qc2 c5 5. e3 Nc6 6. Nf3 d6 7. Bd2 e5 8. d5 Ne7
9. Bd3 O-O 10. h4 Bd7 11. Ng5 h6 12. Nh3 b5 13. O-O-O bxc4 14. Bxc4 Bxc3 15.
Bxc3 Bf5 16. Qe2 Be4 17. f3 Bxd5 18. e4 Bxc4 19. Qxc4 Nc6 20. g4 Nd4 21. g5
hxg5 22. hxg5 Nh5 23. g6 Nxf3 24. Rdf1 Ng3 25. Rxf3 Nxh1 26. gxf7+ Kh8 27. Nf4
Qd7 28. Rh3+ 1-0

[Event "2nd Yerevan Open"]
[Site "?"]
[Date "2017.09.24"]
[Round "6.57"]
[White "Piliposyan, Gor"]
[Black "Davtyan, Arsen"]
[Result "0-1"]
[WhiteElo "1464"]
[BlackElo "1969"]
[PlyCount "108"]
[EventDate "2017.??.??"]

1. e4 c5 2. Nf3 e6 3. d4 cxd4 4. Nxd4 Nc6 5. Nc3 d6 6. Be3 Nf6 7. Be2 Be7 8.
O-O O-O 9. Qd2 a6 10. f4 e5 11. Nxc6 bxc6 12. fxe5 dxe5 13. Qxd8 Rxd8 14. a3
Be6 15. Rad1 Rdb8 16. Rb1 a5 17. h3 Rb7 18. Bd3 Rab8 19. Na4 Bxa3 20. b3 Nd7
21. Ba6 Rc7 22. Rfd1 Be7 23. Bd3 h6 24. Nb2 Nc5 25. Kh2 Rcb7 26. Bxc5 Bxc5 27.
Bc4 Bd7 28. Na4 Bf8 29. Rf1 Be8 30. Ra1 Kh7 31. Nc3 f6 32. Rf3 Ra7 33. Na4 Bg6
34. Re3 Rd8 35. Bd3 Bf7 36. Rf3 Be6 37. g4 Rd4 38. Kg3 Be7 39. Nb2 Kh8 40. h4
Ra8 41. Na4 Rad8 42. Nb2 Bb4 43. Ra4 Be1+ 44. Kh2 Rxa4 45. Nxa4 Bxg4 46. Rf1
Bxh4 47. Nc5 Bg5 48. Nb7 Ra8 49. Nd6 Bf4+ 50. Kg2 h5 51. Rh1 g6 52. Bc4 Kg7 53.
Kf2 Rd8 54. Nb7 Rd2+ 0-1

[Event "2nd Yerevan Open"]
[Site "?"]
[Date "2017.09.24"]
[Round "6.58"]
[White "Grigorian, Marine"]
[Black "Kocharyan, Hayk"]
[Result "1-0"]
[WhiteElo "2183"]
[BlackElo "1737"]
[PlyCount "65"]
[EventDate "2017.??.??"]

1. d4 Nf6 2. c4 d6 3. Nf3 Nbd7 4. Nc3 e5 5. e4 Be7 6. Be2 O-O 7. O-O Re8 8. d5
c6 9. Be3 Ng4 10. Bd2 a6 11. h3 Ngf6 12. Be3 cxd5 13. cxd5 b5 14. Nd2 Bb7 15.
b4 Rc8 16. Qb3 Nb8 17. a4 bxa4 18. Nxa4 Nfd7 19. Nc4 f5 20. f3 f4 21. Bf2 Bf8
22. Na5 Rc7 23. Rfe1 Qc8 24. Qb2 Ba8 25. Bb6 Nxb6 26. Nxb6 Qd8 27. Nxa8 Ra7 28.
b5 Rxa8 29. b6 Re7 30. b7 Ra7 31. Nc6 Nxc6 32. dxc6 Rc7 33. b8=Q 1-0

[Event "2nd Yerevan Open"]
[Site "?"]
[Date "2017.09.24"]
[Round "6.59"]
[White "Gesyan, Suren"]
[Black "Hakobyan, Astghik"]
[Result "1-0"]
[WhiteElo "2063"]
[BlackElo "1708"]
[PlyCount "71"]
[EventDate "2017.??.??"]

1. e4 e6 2. d4 d5 3. exd5 exd5 4. Nf3 Bd6 5. c4 c6 6. Nc3 Ne7 7. Bd3 dxc4 8.
Bxc4 O-O 9. O-O Nd7 10. Bb3 Nb6 11. Bg5 Qc7 12. Re1 Bg4 13. h3 Bh5 14. Rc1 a6
15. a4 Rfe8 16. g4 Bg6 17. Ne5 Bxe5 18. Rxe5 Qd7 19. Qf3 h6 20. Bh4 Nec8 21.
Rce1 Rxe5 22. dxe5 Nd5 23. Nxd5 cxd5 24. Bxd5 Nb6 25. Bb3 Re8 26. Qe3 Nd5 27.
Qd4 Nf6 28. Qe3 Ne4 29. f4 Bh7 30. e6 fxe6 31. f5 Nf6 32. Bxf6 gxf6 33. Bxe6+
Rxe6 34. Qxe6+ Qxe6 35. Rxe6 Kf7 36. Rb6 1-0

[Event "2nd Yerevan Open"]
[Site "?"]
[Date "2017.09.24"]
[Round "6.60"]
[White "Seyranyan, Gor"]
[Black "Khachatryan, David S"]
[Result "0-1"]
[WhiteElo "1747"]
[BlackElo "1916"]
[PlyCount "80"]
[EventDate "2017.??.??"]

1. d4 Nf6 2. c4 g6 3. Nc3 Bg7 4. e4 O-O 5. Nf3 d6 6. Be2 Na6 7. Bg5 h6 8. Be3
e5 9. dxe5 dxe5 10. h3 c6 11. Qc2 Nd7 12. O-O Nac5 13. Rfd1 Ne6 14. Qd2 Kh7 15.
Ne1 Qe7 16. Nc2 Rd8 17. b4 a5 18. bxa5 Ndc5 19. Qe1 Nd4 20. Nb4 Rxa5 21. Rac1
f5 22. Nd3 Nce6 23. Bf1 f4 24. Bxd4 Nxd4 25. Nd5 cxd5 26. Qxa5 dxe4 27. Nc5 e3
28. fxe3 fxe3 29. Re1 Nc6 30. Qb6 e4 31. Nb3 Nd4 32. Qc5 Qf7 33. Rcd1 e2 34.
Rxd4 Rf8 35. Bxe2 Qf2+ 36. Kh2 b6 37. Qd5 Qf4+ 38. Kg1 Be5 39. Bf3 Qh2+ 40. Kf1
exf3 0-1

[Event "2nd Yerevan Open"]
[Site "?"]
[Date "2017.09.24"]
[Round "6.61"]
[White "Petrosyants, Argishti"]
[Black "Manukyan, Levon"]
[Result "1/2-1/2"]
[WhiteElo "1667"]
[BlackElo "1871"]
[PlyCount "120"]
[EventDate "2017.??.??"]

1. d4 Nf6 2. Nf3 g6 3. c4 Bg7 4. Nc3 O-O 5. Bg5 c5 6. e3 cxd4 7. exd4 d5 8. Be2
Ne4 9. Bh4 Qa5 10. Qb3 Nc6 11. O-O Nxd4 12. Nxd4 Bxd4 13. Nxe4 dxe4 14. Bxe7
Re8 15. Bb4 Qe5 16. Bc3 Bxc3 17. Qxc3 Qxc3 18. bxc3 Be6 19. Rfd1 Rac8 20. Rd4
f5 21. Rb1 b6 22. Kf1 Rc5 23. Rb5 Rec8 24. Rb4 R8c6 25. Ke1 Kf7 26. Kd2 Ke7 27.
f3 exf3 28. Bxf3 Rc8 29. Kd3 b5 30. Bd5 Bxd5 31. Rxd5 Rxd5+ 32. cxd5 Rc5 33. c4
bxc4+ 34. Rxc4 Rxd5+ 35. Ke3 Kd6 36. Rh4 Re5+ 37. Kf3 Re7 38. Ra4 Ke6 39. g4
fxg4+ 40. Kxg4 h6 41. Ra6+ Kf7 42. h4 Kg7 43. a4 h5+ 44. Kg3 Kh6 45. Kh3 Re3+
46. Kg2 Re4 47. Kg3 Re7 48. Kh3 Kg7 49. Kg3 Rb7 50. Kh3 Rb3+ 51. Kh2 Rb2+ 52.
Kg3 Rb3+ 53. Kg2 Kf7 54. Rxa7+ Ke6 55. Ra5 Rb4 56. Kg3 Rg4+ 57. Kh3 Kd6 58. Rb5
Kc6 59. Re5 Kd6 60. Rb5 Kc6 1/2-1/2

[Event "2nd Yerevan Open"]
[Site "?"]
[Date "2017.09.24"]
[Round "6.62"]
[White "Tavakalyan, Azat"]
[Black "Asghari, Mitra"]
[Result "1-0"]
[WhiteElo "1867"]
[BlackElo "1673"]
[PlyCount "47"]
[EventDate "2017.??.??"]

1. d4 g6 2. c4 Bg7 3. Nc3 Nf6 4. e4 d6 5. f4 a6 6. Nf3 c6 7. e5 Ng8 8. Be3 b5
9. Qd2 Nd7 10. d5 Bb7 11. exd6 cxd5 12. cxb5 exd6 13. bxa6 Bxa6 14. Bxa6 Rxa6
15. O-O Ngf6 16. Qe2 Rc6 17. Bd4+ Kf8 18. Qb5 Rc5 19. Bxc5 dxc5 20. Ne5 d4 21.
Nd5 Nxe5 22. Qxc5+ Ke8 23. Nxf6+ Qxf6 24. fxe5 1-0

[Event "2nd Yerevan Open"]
[Site "?"]
[Date "2017.09.24"]
[Round "6.63"]
[White "Mkrtumyan, Robert"]
[Black "Grigoryan, Arpine"]
[Result "0-1"]
[WhiteElo "1642"]
[BlackElo "1865"]
[PlyCount "80"]
[EventDate "2017.??.??"]

1. e4 e6 2. c4 c5 3. Nf3 Nc6 4. Nc3 Nf6 5. d4 cxd4 6. Nxd4 Bb4 7. Nxc6 bxc6 8.
Bd3 e5 9. O-O O-O 10. a3 Bxc3 11. bxc3 d6 12. h3 Nd7 13. a4 c5 14. Be2 Qc7 15.
Qd3 Rd8 16. Bg5 f6 17. Qd5+ Kf8 18. Qxa8 Nb6 19. Qxc8 Qxc8 20. Be3 Qe6 21. Rfd1
Ke7 22. Rdb1 Rb8 23. a5 Nd7 24. Rxb8 Nxb8 25. Rb1 Qc8 26. Bg4 Qc7 27. f4 h6 28.
fxe5 fxe5 29. Bh5 Nc6 30. a6 Nd8 31. Bg6 Qa5 32. Bf2 Kf6 33. Be8 Qxa6 34. Rb8
Ne6 35. h4 Nf4 36. h5 Qa1+ 37. Kh2 Qf1 38. Bh4+ Ke6 39. Rb2 Ne2 40. Rb7 Qg1+
0-1

[Event "2nd Yerevan Open"]
[Site "?"]
[Date "2017.09.24"]
[Round "6.64"]
[White "Alikhanyan, Artak"]
[Black "Israyelyan, Eduard"]
[Result "0-1"]
[WhiteElo "1421"]
[BlackElo "1854"]
[PlyCount "60"]
[EventDate "2017.??.??"]

1. d4 Nf6 2. c4 c5 3. Nf3 cxd4 4. Nxd4 e5 5. Nc2 d5 6. cxd5 Bc5 7. Be3 Bd6 8.
Nc3 Bf5 9. g3 Ng4 10. Bd2 Bc5 11. e3 O-O 12. Bg2 Re8 13. O-O e4 14. Rc1 Nf6 15.
Na1 Nbd7 16. Nb3 Bb6 17. Nb5 Ne5 18. N5d4 Bg4 19. f3 exf3 20. Nxf3 Nxd5 21.
Nbd4 Nd3 22. Rc2 Nxe3 23. Bxe3 Rxe3 24. Qd2 Bxf3 25. Rxf3 Rxf3 26. Bxf3 Qxd4+
27. Kg2 Qg1+ 28. Kh3 Nf2+ 29. Kh4 Qxh2+ 30. Kg5 Qxg3+ 0-1

[Event "2nd Yerevan Open"]
[Site "?"]
[Date "2017.09.24"]
[Round "6.65"]
[White "Chaqryan, Erik"]
[Black "Qaloyan, Ishkhan"]
[Result "1-0"]
[WhiteElo "1821"]
[BlackElo "1317"]
[PlyCount "75"]
[EventDate "2017.??.??"]

1. d4 Nf6 2. c4 e6 3. Nc3 d5 4. cxd5 exd5 5. Bg5 c6 6. Qc2 Bd6 7. e3 Nbd7 8.
Bd3 O-O 9. Bxh7+ Kh8 10. Bd3 Re8 11. Nf3 Nf8 12. O-O Bg4 13. h3 Bh5 14. g4 Bg6
15. Kg2 Qd7 16. Bxf6 gxf6 17. Nh4 Bxd3 18. Qxd3 Nh7 19. f4 Rg8 20. Kf3 Rae8 21.
Nf5 Bc7 22. b4 Rg6 23. Rfc1 Nf8 24. Na4 Ne6 25. Nc5 Qc8 26. b5 Bb8 27. bxc6
bxc6 28. Rab1 Qc7 29. Na6 Ng5+ 30. fxg5 Qh2 31. Rh1 Qxa2 32. Nxb8 fxg5 33. Nd7
Rge6 34. h4 Kg8 35. hxg5 f6 36. Ne7+ R8xe7 37. Qg6+ Rg7 38. Rb8+ 1-0

[Event "2nd Yerevan Open"]
[Site "?"]
[Date "2017.09.24"]
[Round "6.66"]
[White "Nourimoghaddam, Shahrokh"]
[Black "Hovyan, Nikolay"]
[Result "1/2-1/2"]
[WhiteElo "1794"]
[BlackElo "1414"]
[PlyCount "106"]
[EventDate "2017.??.??"]

1. d4 Nf6 2. Bf4 c5 3. d5 d6 4. Nc3 g6 5. e4 Nbd7 6. Be2 Bg7 7. Qd2 O-O 8. Bh6
a6 9. a4 Qa5 10. Bxg7 Kxg7 11. h4 b5 12. f3 b4 13. Nd1 Ne5 14. h5 c4 15. hxg6
fxg6 16. Ne3 c3 17. bxc3 bxc3 18. Qd4 Rb8 19. Nd1 Nh5 20. Rh4 Kg8 21. Qxc3 Qd8
22. Rh2 e6 23. Ne3 Qg5 24. g4 Nf4 25. Nc4 Nxe2 26. Kxe2 Qf4 27. Rg2 exd5 28.
Nxe5 dxe5 29. exd5 Bb7 30. Qe3 Bxd5 31. Qxf4 Rxf4 32. Ke3 Rbf8 33. Rd1 Bxf3 34.
Nxf3 Rxf3+ 35. Ke4 R8f4+ 36. Kxe5 Rxa4 37. Rd7 Rf7 38. Rxf7 Kxf7 39. Kd5 Ra2
40. Kc4 Rb2 41. Kc3 Rb7 42. Kd4 Ke6 43. c4 Kd6 44. Ra2 Ra7 45. Ra5 Kc6 46. Kc3
Kb6 47. Kb4 Rc7 48. c5+ Kb7 49. Kc4 h5 50. gxh5 gxh5 51. Kd5 Rc6 52. Ra4 Rh6
53. Rf4 Rc6 1/2-1/2

[Event "2nd Yerevan Open"]
[Site "?"]
[Date "2017.09.24"]
[Round "6.67"]
[White "Khachatryan, Veronika"]
[Black "Hakobyan, Hakob Mk"]
[Result "1/2-1/2"]
[WhiteElo "1595"]
[BlackElo "1763"]
[PlyCount "87"]
[EventDate "2017.??.??"]

1. Nf3 d5 2. g3 c6 3. Bg2 Bg4 4. O-O Nd7 5. d3 e6 6. Nc3 Bd6 7. h3 Bh5 8. e4
Ne7 9. Ne2 e5 10. c3 Nf6 11. Qc2 O-O 12. Bg5 Ne8 13. Bxe7 Qxe7 14. Nh4 dxe4 15.
Nf5 Qe6 16. dxe4 Bc5 17. Rfd1 a5 18. a4 f6 19. Rd2 Bf7 20. Rad1 Qb3 21. Nc1
Qxc2 22. Rxc2 Be6 23. Rcd2 Nc7 24. Bf1 b5 25. axb5 cxb5 26. Kg2 Rfb8 27. Kf3 b4
28. cxb4 Bxb4 29. Rc2 Nb5 30. Bc4 Bxc4 31. Rxc4 g6 32. Nh6+ Kg7 33. Ng4 Nd4+
34. Kg2 Rc8 35. Ne3 Rxc4 36. Nxc4 Rc8 37. Ne3 Kf7 38. Na2 Ke6 39. Nd5 Rc2 40.
Naxb4 axb4 41. Nxb4 Rxb2 42. Nd3 Re2 43. Nc5+ Kd6 44. Rc1 1/2-1/2

[Event "2nd Yerevan Open"]
[Site "?"]
[Date "2017.09.24"]
[Round "6.73"]
[White "Margaryan, Yuri"]
[Black "Khachatryan, Hayk"]
[Result "0-1"]
[WhiteElo "1501"]
[BlackElo "1957"]
[PlyCount "78"]
[EventDate "2017.??.??"]

1. e4 g6 2. d4 Bg7 3. c4 d6 4. Nc3 Nc6 5. Nf3 Bg4 6. Be3 e5 7. d5 Nd4 8. Bxd4
exd4 9. Qa4+ Bd7 10. Nb5 a6 11. Nxd6+ cxd6 12. Qb4 Qc7 13. Bd3 Ne7 14. O-O O-O
15. e5 Nc8 16. Rac1 dxe5 17. c5 Bb5 18. Be4 Qd7 19. Rfe1 a5 20. Qb3 Ne7 21. d6
Nc8 22. Bd5 Re8 23. Nxd4 exd4 24. Bxf7+ Qxf7 25. Qxb5 Na7 26. Qxa5 Nc6 27. Qb6
Rxe1+ 28. Rxe1 Re8 29. Rf1 Qd7 30. b4 d3 31. b5 Nd4 32. Qa5 Qxb5 33. Qxb5 Nxb5
34. a4 Nc3 35. a5 d2 36. a6 Re1 37. g3 Rxf1+ 38. Kxf1 d1=Q+ 39. Kg2 bxa6 0-1

[Event "2nd Yerevan Open"]
[Site "?"]
[Date "2017.09.24"]
[Round "6.74"]
[White "Nanyan, Georgy"]
[Black "Grigoryan, Aram"]
[Result "1-0"]
[WhiteElo "1610"]
[BlackElo "1673"]
[PlyCount "47"]
[EventDate "2017.??.??"]

1. Nf3 Nf6 2. c4 g6 3. g3 Bg7 4. Bg2 O-O 5. O-O d6 6. d4 Nbd7 7. Nc3 e5 8. e3
c6 9. b3 Nh5 10. Bb2 Qa5 11. Qc1 c5 12. Rb1 Qd8 13. Rd1 exd4 14. exd4 b6 15.
Nb5 Qf6 16. Nd2 Rb8 17. Ne4 Qe7 18. Re1 Qd8 19. Nexd6 h6 20. Nxa7 Bxd4 21.
Naxc8 Rxc8 22. Nxc8 Ne5 23. Rxe5 Bxe5 24. Na7 1-0